[Event "BRA-ch U26"]
[Site "Brasilia"]
[Date "2019.04.25"]
[Round "4"]
[White "Barros, Roni Ivaldo Gomes"]
[Black "De Oliveira, Gabriel Lukiantchuk"]
[Result "0-1"]
[WhiteElo "1800"]
[BlackElo "1800"]
[PlyCount "96"]
[EventDate "2019.04.23"]
[EventType "swiss"]
[EventRounds "7"]
[EventCountry "BRA"]
[SourceTitle "CBM 190 Extra"]
[Source "ChessBase"]
[SourceDate "2019.07.15"]
[SourceVersion "1"]
[SourceVersionDate "2019.07.15"]
[SourceQuality "1"]

1. e4 c5 2. Nf3 d6 3. Bb5+ Nc6 4. Bxc6+ bxc6 5. d3 e6 6. c4 Nf6 7. h3 Be7 8. Nbd2 0-0 9. 0-0 Re8 10. Re1 g6 11. d4 cxd4 12. Nxd4 Bb7 13. N4f3 Qc7 14. Nb3 Bf8 15. Qc2 e5 16. Bd2 c5 17. Na5 Bc8 18. b4 Nd7 19. bxc5 Nxc5 20. Be3 Qxa5 21. Bd2 Qc7 22. Ng5 Ne6 23. Be3 Be7 24. Nxe6 Bxe6 25. Rac1 Rac8 26. Qa4 Bd7 27. Qb3 Bc6 28. f3 Qb6 29. c5 Qxb3 30. axb3 d5 31. Bf2 d4 32. b4 Rb8 33. Rb1 Rb5 34. Rec1 Bg5 35. Rd1 Reb8 36. h4 Bh6 37. Bg3 Bf4 38. Bxf4 exf4 39. Rb3 a5 40. Kf2 Rxb4 41. Rxb4 Rxb4 42. Ke2 Bb5+ 43. Kd2 d3 44. Kc1 Rd4 45. Kb2 Kg7 46. g4 fxg3 47. Kb1 g2 48. Rg1 Rc4 0-1